[Event "Pforzheim op"]
[Site "Pforzheim"]
[Date "2005.10.29"]
[Round "2"]
[White "Beutler, Kevin"]
[Black "Reiser, Philipp"]
[Result "0-1"]
[WhiteElo "1154"]
[BlackElo "1204"]
[PlyCount "52"]
[EventDate "2005.10.29"]
[EventType "swiss"]
[EventRounds "7"]
[EventCountry "GER"]
[SourceTitle "EXT 2007"]
[Source "ChessBase"]
[SourceDate "2006.11.23"]
[SourceVersion "1"]
[SourceVersionDate "2006.11.23"]
[SourceQuality "1"]

1. e4 e5 2. Nf3 Nc6 3. d4 d5 4. Nxe5 dxe4 5. Nxc6 bxc6 6. Nc3 Bb4 7. Qe2 Bxc3+ 8. bxc3 Nf6 9. f3 Qe7 10. Bg5 Bf5 11. g4 Bg6 12. Bg2 0-0 13. fxe4 Qa3 14. Qe3 Nxg4 15. Qg3 Nf6 16. Bxf6 gxf6 17. 0-0 c5 18. e5 fxe5 19. Bxa8 Rxa8 20. Qxe5 Qxc3 21. Qxc5 Qe3+ 22. Rf2 Re8 23. Raf1 Re4 24. Qxc7 Rxd4 25. Kh1 Be4+ 26. Rg2+ Bxg2+ 0-1